Neuromarketing Cuando el Dr. Jekyll descubri ̤a Mr. Hyde /

Detalles Bibliográficos
Autor principal: Garca̕ Palomo, Juan Pedro
Otros Autores: Martn̕ez Montes, Esperanza
Formato: eBook
Lenguaje:español
Publicado: Bogot:̀ Ediciones de la U, 2013
Materias:
Acceso en línea:Acceso restringido

MARC

LEADER 00000nam a22000007a 4500
005 20210514220357.0
007 cr|||| ||||
008 210514s2013 co |||||s|||| 00||0 spa d
020 |a 978-958-762-150-1 
035 |a 33382 
040 |a vLex 
090 |c 11664  |d 11664 
100 1 |a Garca̕ Palomo, Juan Pedro 
245 1 0 |a  Neuromarketing  |h [Recurso electrn̤ico] :  |b Cuando el Dr. Jekyll descubri ̤a Mr. Hyde /  |c Juan Pedro Garca̕ Palomo, Esperanza Martn̕ez Montes 
256 |a Servicio en ln̕ea 
260 |a Bogot:̀  |b Ediciones de la U,  |c 2013 
300 |a 1 recurso electrn̤ico 
500 |a La vida es emocin̤, la emocin̤ es vida. Las emociones forman parte de nuestra experiencia y nos diferencian de otros seres vivos. En el entorno complejo altamente competitivo actual donde la oferta supera a la demanda de productos y servicios, el cambio es la constante en nuestros mercados. Los nuevos consumidores gracias al uso de las nuevas tecnologa̕s estǹ ms̀ informados, son ms̀ reflexivos, crt̕icos y exigentes, pero sus decisiones de compra siguen siendo emocionales, primero sentimos y luego pensamos. Como bien dice el autor, somos el n︢ico ser vivo capaz de integrar lo racional y lo emocional, y realizar as ̕actividades como el altruismo y la solidaridad. 
506 1 |a Disponible solo en los productos indicados  |d vLex Global  |d vLex Global (Academic Edition, excluding Law Schools)  |d vLex Global (U.S. Academic Edition, Law Schools)  |d vLex Global (U.S. Academic Edition, excluding Law Schools)  |d vLex Global (Academic Edition, Law Schools) 
650 0 4 |a Marketing  |z Colombia 
700 1 |a Martn̕ez Montes, Esperanza 
740 0 |a vLex Libros (Servicio en ln̕ea) 
856 4 0 |u https://vlex.com/source/neuromarketing-cuando-el-dr-jekyll-descubrio-a-mr-hyde-33382  |z Acceso restringido 
942 |c BOOK 
999 0 |a Marketing